Các nghị quyết được thông qua tại kỳ họp thứ chín Quốc hội khóa XI

Nội dung sách giới thiệu các nghị quyết số 56/2006/QH11, Nghị quyết số 57/2006/QH11, Nghị quyết số 66/2006/QH11, báo cáo số 536/UBTVQH11, báo cáo sô 532/BC-UBTVQH11....

Spremljeno u:
Bibliografski detalji
Autor kompanije: Quốc hội Nước Cộng Hòa Xã Hội Chủ Nhĩa Việt Nam
Format: Knjiga
Jezik:Undetermined
Izdano: Hà Nội Chính trị Quốc gia 2006
Teme:
Oznake: Dodaj oznaku
Bez oznaka, Budi prvi tko označuje ovaj zapis!
Thư viện lưu trữ: Trung tâm Học liệu Trường Đại học Cần Thơ
LEADER 01066nam a2200229Ia 4500
001 CTU_227945
008 210402s9999 xx 000 0 und d
020 |c 12000 
082 |a 324.2597075 
082 |b Qu451 
110 |a Quốc hội Nước Cộng Hòa Xã Hội Chủ Nhĩa Việt Nam 
245 0 |a Các nghị quyết được thông qua tại kỳ họp thứ chín Quốc hội khóa XI 
245 0 |c Quốc hội Nước Cộng Hòa Xã Hội Chủ Nhĩa Việt Nam 
260 |a Hà Nội 
260 |b Chính trị Quốc gia 
260 |c 2006 
520 |a Nội dung sách giới thiệu các nghị quyết số 56/2006/QH11, Nghị quyết số 57/2006/QH11, Nghị quyết số 66/2006/QH11, báo cáo số 536/UBTVQH11, báo cáo sô 532/BC-UBTVQH11.... 
650 |a Đảng Cộng Sản,Communist parties 
650 |z Việt Nam,Vietnam 
904 |i Mai Loan(Tuyến) 
910 |b dqhieu 
980 |a Trung tâm Học liệu Trường Đại học Cần Thơ